| 000 -LEADER |
| fixed length control field |
01990nam a22004217a 4500 |
| 001 - CONTROL NUMBER |
| control field |
13827352 |
| 003 - CONTROL NUMBER IDENTIFIER |
| control field |
OSt |
| 005 - DATE AND TIME OF LATEST TRANSACTION |
| control field |
20210426114048.0 |
| 008 - FIXED-LENGTH DATA ELEMENTS--GENERAL INFORMATION |
| fixed length control field |
041229s2005 nyuab b 001 0beng |
| 010 ## - LIBRARY OF CONGRESS CONTROL NUMBER |
| LC control number |
2004276621 |
| 020 ## - INTERNATIONAL STANDARD BOOK NUMBER |
| International Standard Book Number |
0385337205 |
| 040 ## - CATALOGING SOURCE |
| Original cataloging agency |
DLC |
| Transcribing agency |
DLC |
| Modifying agency |
DLC |
| 043 ## - GEOGRAPHIC AREA CODE |
| Geographic area code |
sa----- |
| -- |
s-ec--- |
| -- |
e-fr--- |
| 050 00 - LIBRARY OF CONGRESS CALL NUMBER |
| Classification number |
F2546 |
| Item number |
.W46 2005 |
| 080 ## - UNIVERSAL DECIMAL CLASSIFICATION NUMBER |
| Universal Decimal Classification number |
94 |
| Item number |
W-63 |
| 082 00 - DEWEY DECIMAL CLASSIFICATION NUMBER |
| Classification number |
981/.1032/092 |
| -- |
B |
| Edition number |
22 |
| 100 1# - MAIN ENTRY--PERSONAL NAME |
| Personal name |
Whitaker, Robert. |
| 245 14 - TITLE STATEMENT |
| Title |
The mapmaker's wife : |
| Remainder of title |
a true tale of love, murder, and survival in the Amazon / |
| Statement of responsibility, etc. |
Robert Whitaker. |
| 250 ## - EDITION STATEMENT |
| Edition statement |
Delta trade pbk. ed. |
| 260 ## - PUBLICATION, DISTRIBUTION, ETC. |
| Place of publication, distribution, etc. |
New York : |
| Name of publisher, distributor, etc. |
Delta Trade Paperbacks, |
| Date of publication, distribution, etc. |
2005. |
| 300 ## - PHYSICAL DESCRIPTION |
| Extent |
xiv, 353 p. : |
| Other physical details |
ill., maps ; |
| Dimensions |
24 cm. |
| 365 ## - TRADE PRICE |
| Price type code |
24.00 USD |
| 505 0# - FORMATTED CONTENTS NOTE |
| Formatted contents note |
A Sunday in 1769 -- Not quite round -- A daughter of Peru -- The mapmakers -- Voyage to Quito -- Measuring the baseline -- High-altitude science -- Death in the afternoon -- Marriage in Quito -- Down the Amazon -- A continent apart -- Lost on the Bobonaza -- Into the jungle -- Deliverance -- Saint Amand. |
| 600 10 - SUBJECT ADDED ENTRY--PERSONAL NAME |
| Personal name |
Godin des Odonais, Isabelle de Grandmaison, |
| Dates associated with a name |
1728?- |
| General subdivision |
Travel |
| Geographic subdivision |
Amazon River Region. |
| 600 10 - SUBJECT ADDED ENTRY--PERSONAL NAME |
| Personal name |
Godin des Odonais, Jean, |
| Dates associated with a name |
1712-1792. |
| 610 20 - SUBJECT ADDED ENTRY--CORPORATE NAME |
| Corporate name or jurisdiction name as entry element |
Mission géodésique (France) |
| 650 #0 - SUBJECT ADDED ENTRY--TOPICAL TERM |
| Topical term or geographic name entry element |
Scientific expeditions |
| Geographic subdivision |
Ecuador |
| General subdivision |
History |
| Chronological subdivision |
18th century. |
| 651 #0 - SUBJECT ADDED ENTRY--GEOGRAPHIC NAME |
| Geographic name |
Amazon River Region |
| General subdivision |
Description and travel. |
| 651 #0 - SUBJECT ADDED ENTRY--GEOGRAPHIC NAME |
| Geographic name |
Ecuador |
| Form subdivision |
Biography. |
| 651 #0 - SUBJECT ADDED ENTRY--GEOGRAPHIC NAME |
| Geographic name |
France |
| Form subdivision |
Biography. |
| 653 ## - INDEX TERM--UNCONTROLLED |
| Uncontrolled term |
ისტორია |
| 856 42 - ELECTRONIC LOCATION AND ACCESS |
| Materials specified |
Contributor biographical information |
| Uniform Resource Identifier |
<a href="http://www.loc.gov/catdir/enhancements/fy0620/2004276621-b.html">http://www.loc.gov/catdir/enhancements/fy0620/2004276621-b.html</a> |
| 856 42 - ELECTRONIC LOCATION AND ACCESS |
| Materials specified |
Publisher description |
| Uniform Resource Identifier |
<a href="http://www.loc.gov/catdir/enhancements/fy0620/2004276621-d.html">http://www.loc.gov/catdir/enhancements/fy0620/2004276621-d.html</a> |
| 856 41 - ELECTRONIC LOCATION AND ACCESS |
| Materials specified |
Sample text |
| Uniform Resource Identifier |
<a href="http://www.loc.gov/catdir/enhancements/fy0620/2004276621-s.html">http://www.loc.gov/catdir/enhancements/fy0620/2004276621-s.html</a> |
| 906 ## - LOCAL DATA ELEMENT F, LDF (RLIN) |
| a |
7 |
| b |
cbc |
| c |
origcop |
| d |
2 |
| e |
ncip |
| f |
20 |
| g |
y-gencatlg |
| 942 ## - ADDED ENTRY ELEMENTS (KOHA) |
| Source of classification or shelving scheme |
|
| Koha item type |
Books |